A second course in mathematical analysis

Αποθηκεύτηκε σε:
Λεπτομέρειες βιβλιογραφικής εγγραφής
Κύριος συγγραφέας: Burkill, J. C. (John Charles) 1900-
Άλλοι συγγραφείς: Burkill, H.
Μορφή: Βιβλίο
Γλώσσα:English
Δημοσίευση: Cambridge, UK : New York, NY : Cambridge University Press, 2002
Σειρά:Cambridge mathematical library
Θέματα:
Ετικέτες: Προσθήκη ετικέτας
Δεν υπάρχουν, Καταχωρήστε ετικέτα πρώτοι!

MARC

LEADER 00000nam a2200000 i 4500
001 1/76466
008 050518t20021970 eng d
020 |a 0-521-52343-5 (pbk.) 
035 |l 10077991 
040 |a GR-MY-UA  |b gre  |e aacr 
041 0 |a eng 
082 0 |a 515 
100 1 |a Burkill, J. C.  |q (John Charles)  |d 1900- 
245 1 2 |a A second course in mathematical analysis /  |c by J.C. Burkill and H. Burkill 
260 |a Cambridge, UK :   |a New York, NY :   |b Cambridge University Press,   |c 2002 
300 |a 526 σ.;  |c 24 εκ. 
490 1 |a Cambridge mathematical library 
504 |a Περιλαμβάνει βιβλιογραφικές αναφορές και ευρετήριο 
650 0 0 |a Mathematical analysis. 
700 1 |a Burkill, H. 
830 0 |a Cambridge mathematical library 
852 |a INST  |b CHIOS  |e 20050518  |h 515 BUR  |p 005200021928  |q 005200021928  |t BK  |y 0 
901 |a BIBL2-2005-2 
909 |a Χ  |b 112975 
920 |a ΔΙΕΥΡΥΝΣΗ  |b ΕΠΕΑΕΚ-ΤΜΟΔ  |y ΧΙΟΣ  |z 2004-12 
970 |a ΣΑΛΑΜΟΥΡΑ  |b ΜΑΡΙΑ  |z 2005/05/18